Steiermark-Quiz - Statistiken

Allgemein
  • Dieses Quiz wurde 94 mal gespielt
    82 seit der letzten Aktualisierung
  • Das Durchschnittsergebnis liegt bei 12 aus 16
Antwortstatistiken
Frage Antwort % Korrekt
Wie heißt die Landeshauptstadt der Steiermark? Graz
99%
Wie heißt der längste Fluss der Steiermark? Mur
91%
An welches Land grenzt die Steiermark im Süden? Slowenien
88%
Wir heißt der höchste Berg der Steiermark? Dachstein
86%
Was ist das Wahrzeichen der Steiermark? Uhrturm
86%
Welcher Steirer wurde Gouverneur Kaliforniens? Arnold Schwarzenegger
84%
Welche Berühmte Motorsportrennstrecke befindet sich in der Steiermark? Red Bull Ring
81%
Welche Pferdeart wird in der Steiermark für die Spanische Hofreitschule in Wien gezüchtet? Lipizzaner
77%
Welches Tier befindet sich auf dem sterischen Landeswappen? Panther
77%
Welche steirische Stadt ist bekannt für ihren Eisenerzabbau? Eisenerz
75%
Von welchem Fluss leitet sich der Name Steiermark ab? Steyr
70%
Was nennt man auch das schwarze Gold der Steiermark? Kürbiskernöl
68%
Wie heißt der größte See der Steiermark? Grundlsee
57%
Wie nennt man die Landeshymne der Steiermark? Dachsteinlied
55%
Welcher steirische Schriftsteller schrieb den Roman "Der Gottsucher"? Peter Rosegger
43%
Wo in der Steiermark befindet sich die größte Rüstkammer der Welt? Landeszeughaus
35%
Keine übereinstimmenden Quizze gefunden
Verteilung der Resultate
Anzahl Personen mit jedem Resultat
Perzentil nach korrekt beantworteten Fragen
Ihre Resultats-Entwicklung
Sie haben dieses Quiz seit der letzten Aktualisierung nicht gespielt